All Sheffield Wednesday Premier League Players Ever - Statistics

General Stats
  • This quiz has been taken 22 times
  • The average score is 163 of 219
Answer Stats
% Correct
1992/93 England Carlton Palmer 34
93%
1993/94 England Carlton Palmer 37
93%
1992/93 England Chris Waddle 33
93%
1993/94 England Chris Waddle 19
93%
1994/95 England Chris Waddle 25
93%
1995/96 England Chris Waddle 31
93%
1992/93 England Chris Woods 39
93%
1993/94 England Chris Woods 10
93%
1994/95 England Chris Woods 9
93%
1995/96 England Chris Woods 8
93%
1992/93 England David Hirst 22
93%
1993/94 England David Hirst 7
93%
1994/95 England David Hirst 15
93%
1995/96 England David Hirst 30
93%
1996/97 England David Hirst 25
93%
1997/98 England David Hirst 6
93%
1993/94 England Des Walker 42
93%
1994/95 England Des Walker 38
93%
1995/96 England Des Walker 36
93%
1996/97 England Des Walker 36
93%
1997/98 England Des Walker 38
93%
1998/99 England Des Walker 37
93%
1999/00 England Des Walker 37
93%
1992/93 United States John Harkes 29
93%
1992/93 England Kevin Pressman 3
93%
1993/94 England Kevin Pressman 32
93%
1994/95 England Kevin Pressman 34
93%
1995/96 England Kevin Pressman 30
93%
1996/97 England Kevin Pressman 38
93%
1997/98 England Kevin Pressman 36
93%
1998/99 England Kevin Pressman 15
93%
1999/00 England Kevin Pressman 19
93%
1992/93 Northern Ireland Nigel Worthington 40
93%
1993/94 Northern Ireland Nigel Worthington 31
93%
1992/93 Sweden Roland Nilsson 32
93%
1993/94 Sweden Roland Nilsson 38
93%
1996/97 Italy Benito Carbone 25
87%
1997/98 Italy Benito Carbone 33
87%
1998/99 Italy Benito Carbone 31
87%
1999/00 Italy Benito Carbone 7
87%
1992/93 England Chris Bart-Williams 34
87%
1993/94 England Chris Bart-Williams 37
87%
1994/95 England Chris Bart-Williams 38
87%
1997/98 Brazil Emerson Thome 6
87%
1998/99 Brazil Emerson Thome 38
87%
1999/00 Brazil Emerson Thome 17
87%
1999/00 Netherlands Gerald Sibon 28
87%
1992/93 England Graham Hyde 20
87%
1993/94 England Graham Hyde 36
87%
1994/95 England Graham Hyde 35
87%
1995/96 England Graham Hyde 26
87%
1996/97 England Graham Hyde 19
87%
1997/98 England Graham Hyde 22
87%
1998/99 England Graham Hyde 1
87%
1994/95 Northern Ireland Ian Nolan 42
87%
1995/96 Northern Ireland Ian Nolan 29
87%
1996/97 Northern Ireland Ian Nolan 38
87%
1997/98 Northern Ireland Ian Nolan 27
87%
1999/00 Northern Ireland Ian Nolan 29
87%
1992/93 Ireland John Sheridan 25
87%
1993/94 Ireland John Sheridan 20
87%
1994/95 Ireland John Sheridan 36
87%
1995/96 Ireland John Sheridan 17
87%
1996/97 Ireland John Sheridan 2
87%
1992/93 England Mark Bright 30
87%
1993/94 England Mark Bright 40
87%
1994/95 England Mark Bright 37
87%
1995/96 England Mark Bright 25
87%
1996/97 England Mark Bright 1
87%
1997/98 Sweden Niclas Alexandersson 6
87%
1998/99 Sweden Niclas Alexandersson 32
87%
1999/00 Sweden Niclas Alexandersson 37
87%
1997/98 Italy Paolo Di Canio 35
87%
1998/99 Italy Paolo Di Canio 6
87%
1994/95 England Peter Atherton 41
87%
1995/96 England Peter Atherton 36
87%
1996/97 England Peter Atherton 37
87%
1997/98 England Peter Atherton 27
87%
1998/99 England Peter Atherton 38
87%
1999/00 England Peter Atherton 35
87%
1995/96 Netherlands Regi Blinker 10
87%
1996/97 Netherlands Regi Blinker 33
87%
1998/99 Netherlands Wim Jonk 38
87%
1999/00 Netherlands Wim Jonk 30
87%
1993/94 England Andy Pearce 32
80%
1994/95 England Andy Pearce 34
80%
1995/96 England Andy Pearce 3
80%
1998/99 Northern Ireland Danny Sonner 26
80%
1999/00 Northern Ireland Danny Sonner 27
80%
1994/95 Romania Dan Petrescu 29
80%
1995/96 Romania Dan Petrescu 8
80%
1995/96 Serbia Darko Kovacevic 16
80%
1999/00 Belgium Gilles De Bilde 38
80%
1992/93 England Julian Watts 4
80%
1993/94 England Julian Watts 1
80%
1995/96 England Julian Watts 11
80%
1995/96 Wales Mark Pembridge 25
80%
1996/97 Wales Mark Pembridge 34
80%
1997/98 Wales Mark Pembridge 34
80%
1996/97 Netherlands Orlando Trustfull 19
80%
1992/93 England Paul Williams 7
80%
1998/99 Czech Republic Pavel Srnicek 24
80%
1999/00 Czech Republic Pavel Srnicek 20
80%
1992/93 England Phil King 12
80%
1993/94 England Phil King 10
80%
1997/98 Ireland Alan Quinn 1
73%
1998/99 Ireland Alan Quinn 1
73%
1999/00 Ireland Alan Quinn 19
73%
1996/97 England Andy Booth 35
73%
1997/98 England Andy Booth 23
73%
1998/99 England Andy Booth 34
73%
1999/00 England Andy Booth 23
73%
1992/93 Northern Ireland Danny Wilson 26
73%
1992/93 England Gordon Watson 11
73%
1993/94 England Gordon Watson 23
73%
1994/95 England Gordon Watson 23
73%
1994/95 England Ian Taylor 14
73%
1994/95 Sweden Klas Ingesson 13
73%
1995/96 Sweden Klas Ingesson 5
73%
1993/94 England Lee Briscoe 1
73%
1994/95 England Lee Briscoe 6
73%
1995/96 England Lee Briscoe 26
73%
1996/97 England Lee Briscoe 6
73%
1997/98 England Lee Briscoe 7
73%
1998/99 England Lee Briscoe 16
73%
1999/00 England Lee Briscoe 16
73%
1992/93 England Michael Williams 3
73%
1993/94 England Michael Williams 4
73%
1994/95 England Michael Williams 10
73%
1995/96 England Michael Williams 5
73%
1996/97 England Michael Williams 1
73%
1992/93 England Nigel Pearson 16
73%
1993/94 England Nigel Pearson 5
73%
1992/93 England Paul Warhurst 29
73%
1993/94 England Paul Warhurst 4
73%
1997/98 Norway Petter Rudi 22
73%
1998/99 Norway Petter Rudi 34
73%
1999/00 Norway Petter Rudi 20
73%
1995/96 England Ritchie Humphreys 4
73%
1996/97 England Ritchie Humphreys 29
73%
1997/98 England Ritchie Humphreys 7
73%
1998/99 England Ritchie Humphreys 19
73%
1992/93 England Trevor Francis 5
73%
1993/94 England Trevor Francis 1
73%
1993/94 England Andy Sinton 25
67%
1994/95 England Andy Sinton 25
67%
1995/96 England Andy Sinton 10
67%
1995/96 Serbia Dejan Stefanovic 6
67%
1996/97 Serbia Dejan Stefanovic 28
67%
1997/98 Serbia Dejan Stefanovic 20
67%
1998/99 Serbia Dejan Stefanovic 11
67%
1994/95 England Guy Whittingham 21
67%
1995/96 England Guy Whittingham 29
67%
1996/97 England Guy Whittingham 33
67%
1997/98 England Guy Whittingham 28
67%
1998/99 England Guy Whittingham 2
67%
1997/98 Northern Ireland Jim Magilton 21
67%
1998/99 Northern Ireland Jim Magilton 6
67%
1995/96 Belgium Marc Degryse 34
67%
1994/95 England O'Neill Donaldson 1
67%
1995/96 England O'Neill Donaldson 3
67%
1996/97 England O'Neill Donaldson 5
67%
1997/98 England O'Neill Donaldson 5
67%
1997/98 France Patrick Blondeau 6
67%
1992/93 England Peter Shirtliff 20
67%
1992/93 England Ryan Jones 9
67%
1993/94 England Ryan Jones 27
67%
1994/95 England Ryan Jones 5
67%
1992/93 England Viv Anderson 26
67%
1997/98 England Andy Hinchcliffe 15
60%
1998/99 England Andy Hinchcliffe 32
60%
1999/00 England Andy Hinchcliffe 29
60%
1997/98 Italy Francesco Sanetti 2
60%
1998/99 Italy Francesco Sanetti 3
60%
1997/98 North Macedonia Goce Sedloski 4
60%
1995/96 England Jon Newsome 8
60%
1996/97 England Jon Newsome 10
60%
1997/98 England Jon Newsome 25
60%
1998/99 England Jon Newsome 5
60%
1999/00 England Jon Newsome 6
60%
1997/98 Ghana Junior Agogo 1
60%
1998/99 Ghana Junior Agogo 1
60%
1996/97 England Matt Clarke 1
60%
1997/98 England Matt Clarke 3
60%
1992/93 England Nigel Jemson 13
60%
1993/94 England Nigel Jemson 18
60%
1999/00 Scotland Phil O'Donnell 1
60%
1993/94 England Simon Coleman 15
60%
1994/95 England Simon Coleman 1
60%
1995/96 Scotland Steve Nicol 19
60%
1996/97 Scotland Steve Nicol 23
60%
1997/98 Scotland Steve Nicol 7
60%
1996/97 England Wayne Collins 12
60%
1997/98 England Wayne Collins 19
60%
1993/94 England Adem Poric 6
53%
1994/95 England Adem Poric 4
53%
1997/98 England Adem Poric 3
53%
1993/94 England Brian Linighan 1
53%
1997/98 England Earl Barrett 10
53%
1998/99 England Earl Barrett 5
53%
1996/97 England Scott Oakes 19
53%
1997/98 England Scott Oakes 4
53%
1998/99 England Scott Oakes 1
53%
1999/00 Scotland Simon Donnelly 12
53%
1999/00 Wales Barry Horne 7
47%
1997/98 Austria Christian Mayrleb 3
47%
1998/99 Argentina Juan Cobian 9
47%
1998/99 Scotland Philip Scott 4
47%
1999/00 Scotland Philip Scott 5
47%
1998/99 England Richard Cresswell 7
47%
1999/00 England Richard Cresswell 20
47%
1992/93 England Simon Stewart 6
47%
1995/96 England Mark Platts 2
33%
1998/99 Northern Ireland Owen Morrison 1
33%
1998/99 England Steven Haslam 2
27%
1999/00 England Steven Haslam 23
27%
1997/98 England Nigel Clough 1
20%
1998/99 Ireland Mark McKeever 3
13%
1999/00 Ireland Mark McKeever 2
13%
No matching quizzes found
Score Distribution
Percent of People with Each Score
Percentile by Number Answered
Your Score History
You have not taken this quiz